000 00434nam a2200181Ia 4500
001 8592
005 20260306160621.0
008 260306t2004||||xx |||||||||||||| ||spa||
041 _aESP
082 _a371.2
_bA48G
100 _aAlvarado Oyarce , Otoniel
_eAUT
245 0 _aGestión educativa:
_bcasos, ejercicios e instrumentos
260 _c2004
300 _a
_c
650 _aGEN
654 _aCED
942 _cLIB
_dJUS
_fJUS
_2ddc
_n
999 _c8592
_d8592